Skład w XXI w. - Legia Warszawa - Statystyki

Ogólne statystyki
  • Ten quiz został rozwiązany 144 razy
    90 od ostatniego zresetowania
  • Średni wynik to 82 z 310
Statystyki odpowiedzi
Legia Warszawa % Poprawnych
Legia Warszawa Kacper Tobiasz
88%
Legia Warszawa Artur Jędrzejczyk
82%
Legia Warszawa Miroslav Radović
82%
Legia Warszawa Arkadiusz Malarz
79%
Legia Warszawa Artur Boruc
79%
Legia Warszawa Nemanja Nikolić
79%
Legia Warszawa Bartosz Kapustka
77%
Legia Warszawa Paweł Wszołek
74%
Legia Warszawa Jakub Rzeźniczak
73%
Legia Warszawa Josué Soares Pesqueira
71%
Legia Warszawa Michał Pazdan
71%
Legia Warszawa Aleksandar Prijović
70%
Legia Warszawa Marc Gual
70%
Legia Warszawa Tomáš Pekhart
70%
Legia Warszawa Michał Kucharczyk
68%
Legia Warszawa Orlando Braga de Sá
68%
Legia Warszawa Vadis Odjidja-Ofoe
68%
Legia Warszawa Bartosz Bereszyński
67%
Legia Warszawa Dušan Kuciak
67%
Legia Warszawa Błażej Augustyn
65%
Legia Warszawa Cezary Miszta
65%
Legia Warszawa Adam Hloušek
64%
Legia Warszawa Luquinhas
64%
Legia Warszawa Sebastian Szymański
64%
Legia Warszawa Gabriel Kobylak
62%
Legia Warszawa Michał Żewłakow
62%
Legia Warszawa Rafał Augustyniak
62%
Legia Warszawa Danijel Ljuboja
61%
Legia Warszawa Inaki Astiz
61%
Legia Warszawa Jan Ziółkowski
61%
Legia Warszawa Steve Kapuadi
61%
Legia Warszawa Juergen Elitim
59%
Legia Warszawa Radosław Cierzniak
59%
Legia Warszawa Radovan Pankov
59%
Legia Warszawa Carlos López
58%
Legia Warszawa Ernest Muçi
58%
Legia Warszawa Łukasz Fabiański
58%
Legia Warszawa Patryk Kun
58%
Legia Warszawa Ivica Vrdoljak
56%
Legia Warszawa Jakub Kosecki
56%
Legia Warszawa Marek Saganowski
56%
Legia Warszawa Mateusz Żyro
56%
Legia Warszawa Michał Żyro
56%
Legia Warszawa Thibault Moulin
56%
Legia Warszawa Wojciech Urbański
56%
Legia Warszawa André Martins
55%
Legia Warszawa Bartosz Slisz
55%
Legia Warszawa Michał Kopczyński
55%
Legia Warszawa Radosław Majecki
55%
Legia Warszawa Carlos Miguel Ribeiro
53%
Legia Warszawa Filip Mladenović
53%
Legia Warszawa Jakub Wawrzyniak
53%
Legia Warszawa Jean-Pierre Nsame
53%
Legia Warszawa Ondrej Duda
53%
Legia Warszawa Rúben Vinagre
53%
Legia Warszawa Tomasz Jodłowiec
53%
Legia Warszawa Łukasz Broź
52%
Legia Warszawa Tomasz Brzyski
52%
Legia Warszawa Maciej Rosołek
50%
Legia Warszawa Dickson Choto
48%
Legia Warszawa Maik Nawrocki
48%
Legia Warszawa Mateusz Wieteska
48%
Legia Warszawa Ryoya Morishita
48%
Legia Warszawa Domagoj Antolić
47%
Legia Warszawa Igor Lewczuk
47%
Legia Warszawa Jan Mucha
47%
Legia Warszawa Kacper Chodyna
47%
Legia Warszawa Jacek Zieliński
45%
Legia Warszawa Josip Juranović
45%
Legia Warszawa Piotr Włodarczyk
45%
Legia Warszawa Szymon Włodarczyk
45%
Legia Warszawa Yuri Ribeiro
45%
Legia Warszawa Jakub Czerwiński
44%
Legia Warszawa Jarosław Niezgoda
44%
Legia Warszawa José Kanté
44%
Legia Warszawa Rafał Wolski
44%
Legia Warszawa Aleksandar Vuković
42%
Legia Warszawa Dominik Furman
42%
Legia Warszawa Ireneusz Kowalski
42%
Legia Warszawa Jurgen Çelhaka
41%
Legia Warszawa Maciej Rybus
41%
Legia Warszawa Marko Vesović
41%
Legia Warszawa Mahir Emreli
39%
Legia Warszawa Maxi Oyedele
39%
Legia Warszawa Patryk Sokołowski
39%
Legia Warszawa Tomasz Sokołowski
39%
Legia Warszawa Wojciech Kowalczyk
39%
Legia Warszawa Edson Luiz da Silva
38%
Legia Warszawa Marco Burch
38%
Legia Warszawa Michał Masłowski
38%
Legia Warszawa Sandro Kulenović
38%
Legia Warszawa Blaž Kramer
36%
Legia Warszawa Daniel Chima Chukwu
36%
Legia Warszawa Jacek Magiera
36%
Legia Warszawa Maciej Dąbrowski
36%
Legia Warszawa Michał Karbownik
36%
Legia Warszawa Roger Guerreiro
36%
Legia Warszawa Salvador Agra
36%
Legia Warszawa Takesure Chinyama
36%
Legia Warszawa Arvydas Novikovas
35%
Legia Warszawa Cristian Pasquato
35%
Legia Warszawa Dominik Nagy
35%
Legia Warszawa Igor Strzałek
35%
Legia Warszawa Kacper Skibicki
35%
Legia Warszawa Sebastian Nowak
35%
Legia Warszawa Sergio Barcia
35%
Legia Warszawa Steeven Langil
35%
Legia Warszawa Tomas Necid
35%
Legia Warszawa Wojciech Skaba
35%
Legia Warszawa Dominik Hładun
33%
Legia Warszawa Janusz Gol
33%
Legia Warszawa Lirim Kastrati
33%
Legia Warszawa Ariel Borysiuk
32%
Legia Warszawa Krzysztof Mączyński
32%
Legia Warszawa Luis Rocha
32%
Legia Warszawa Marcin Komorowski
32%
Legia Warszawa Mateusz Hołownia
32%
Legia Warszawa Rafael Lopes
32%
Legia Warszawa William Remy
32%
Legia Warszawa Ariel Mosór
30%
Legia Warszawa Gil Dias
30%
Legia Warszawa Helio Pinto
30%
Legia Warszawa Henrik Ojamaa
30%
Legia Warszawa Junior
30%
Legia Warszawa Makana Baku
30%
Legia Warszawa Mattias Johannson
30%
Legia Warszawa Daniel Łukasik
29%
Legia Warszawa Konrad Jałocha
29%
Legia Warszawa Lindsay Rose
29%
Legia Warszawa Tomasz Kiełbowicz
29%
Legia Warszawa Claude Gonçalves
27%
Legia Warszawa Guilherme Costa
27%
Legia Warszawa Joel Abu Hanna
27%
Legia Warszawa Richard Strebinger
27%
Legia Warszawa Robert Pich
27%
Legia Warszawa Walerian Gwilia
27%
Legia Warszawa Cezary Kucharski
26%
Legia Warszawa Arkadiusz Piech
24%
Legia Warszawa Benjamin Verbič
24%
Legia Warszawa Filip Rejczyk
24%
Legia Warszawa Ihor Charatin
24%
Legia Warszawa Kacper Kostorz
24%
Legia Warszawa Maciej Iwański
24%
Legia Warszawa Paweł Stolarski
24%
Legia Warszawa Stanko Svitlica
24%
Legia Warszawa Stojan Vranjes
24%
Legia Warszawa Wojciech Kowalewski
24%
Legia Warszawa Hildeberto Morgado Pereira
23%
Legia Warszawa Iuri Medeiros
23%
Legia Warszawa Jordan Majchrzak
23%
Legia Warszawa Marcel Mendes-Dudziński
23%
Legia Warszawa Władimer Dwaliszwili
23%
Legia Warszawa Wojciech Muzyk
23%
Legia Warszawa Adam Ryczkowski
21%
Legia Warszawa Chris Philipps
21%
Legia Warszawa Kamil Grosicki
21%
Legia Warszawa Mateusz Szwoch
21%
Legia Warszawa Wojciech Szala
21%
Legia Warszawa Armando Sadiku
20%
Legia Warszawa Krystian Bielik
20%
Legia Warszawa Łukasz Surma
20%
Legia Warszawa Marko Suler
20%
Legia Warszawa Mateusz Cholewiak
20%
Legia Warszawa Adam Majewski
18%
Legia Warszawa Artem Szabanow
18%
Legia Warszawa Dossa Júnior
18%
Legia Warszawa Jakub Kisiel
18%
Legia Warszawa Łukasz Moneta
18%
Legia Warszawa Marcin Mięciel
18%
Legia Warszawa Marek Citko
17%
Legia Warszawa Marijan Antolović
17%
Legia Warszawa Qendrim Zyba
17%
Legia Warszawa Rafał Makowski
17%
Legia Warszawa Sebastian Szałachowski
17%
Legia Warszawa Dawid Janczyk
15%
Legia Warszawa Jakub Adkonis
15%
Legia Warszawa Konrad Michalak
15%
Legia Warszawa Mateusz Praszelik
15%
Legia Warszawa Mateusz Szczepaniak
15%
Legia Warszawa Michaił Aleksandrow
15%
Legia Warszawa Vamara Sanogo
15%
Legia Warszawa Bartosz Karwan
14%
Legia Warszawa Ivan Trickovski
14%
Legia Warszawa Marek Jóźwiak
14%
Legia Warszawa Michał Efir
14%
Legia Warszawa Pascal Mozie
14%
Legia Warszawa Patryk Mikita
14%
Legia Warszawa Piotr Giza
14%
Legia Warszawa Ramil Mustafaev
14%
Legia Warszawa Srda Knezević
14%
Legia Warszawa Waleri Kazaiszwili
14%
Legia Warszawa Bartosz Żurek
12%
Legia Warszawa Joel Valencia
12%
Legia Warszawa Mikel Arruabarrena
12%
Legia Warszawa Radosław Cielemęcki
12%
Legia Warszawa Bartłomiej Ciepiela
11%
Legia Warszawa Bartłomiej Grzelak
11%
Legia Warszawa Jan Leszczyński
11%
Legia Warszawa Maciej Korzym
11%
Legia Warszawa Maciej Murawski
11%
Legia Warszawa Nazarij Rusyn
11%
Legia Warszawa Piotr Pyrdoł
11%
Legia Warszawa Sylwester Czereszewski
11%
Legia Warszawa Bartłomiej Kalinkowski
9%
Legia Warszawa Bruno Mezenga
9%
Legia Warszawa Damian Warchoł
9%
Legia Warszawa Herbert Dick
9%
Legia Warszawa Łukasz Mierzejewski
9%
Legia Warszawa Marcin Burkhardt
9%
Legia Warszawa Radostin Stanew
9%
Legia Warszawa Raphael Augusto
9%
Legia Warszawa Robert Bartczak
9%
Legia Warszawa Zbigniew Robakiewicz
9%
Legia Warszawa Alejandro Ariel Cabral
8%
Legia Warszawa Dariusz Dudek
8%
Legia Warszawa Dejan Kelhar
8%
Legia Warszawa Grzegorz Bronowicki
8%
Legia Warszawa Jakub Jędrasik
8%
Legia Warszawa Jorge Salinas
8%
Legia Warszawa Manuel Pablo Garcia
8%
Legia Warszawa Marcin Smoliński
8%
Legia Warszawa Mariusz Piekarski
8%
Legia Warszawa Michal Hubnik
8%
Legia Warszawa Miłosz Szczepański
8%
Legia Warszawa Moussa Ouattara
8%
Legia Warszawa Paweł Kaczorowski
8%
Legia Warszawa Piotr Bronowicki
8%
Legia Warszawa Piotr Rocki
8%
Legia Warszawa Radosław Wróblewski
8%
Legia Warszawa Tomasz Łapiński
8%
Legia Warszawa Adrian Paluchowski
6%
Legia Warszawa Brian Iloski
6%
Legia Warszawa Dariusz Zjawiński
6%
Legia Warszawa Dong Fangzhuo
6%
Legia Warszawa Élton Rodrigues Brandão
6%
Legia Warszawa Felix Ogbuke
6%
Legia Warszawa Inaki Descarga
6%
Legia Warszawa Marcin Rosłoń
6%
Legia Warszawa Nacho Gómez Novo
6%
Legia Warszawa Pablo Dyego
6%
Legia Warszawa Tomasz Jarzębowski
6%
Legia Warszawa Wojciech Trochim
6%
Legia Warszawa Hugo Alcântara
5%
Legia Warszawa Kacper Skwierczyński
5%
Legia Warszawa Kamil Majkowski
5%
Legia Warszawa Krzysztof Ostrowski
5%
Legia Warszawa Marcin Klatt
5%
Legia Warszawa Michal Gottwald
5%
Legia Warszawa Mirko Poledica
5%
Legia Warszawa Pance Kumbev
5%
Legia Warszawa Rafał Siadaczka
5%
Legia Warszawa Rui Gomes
5%
Legia Warszawa Veselin Djoković
5%
Legia Warszawa Adam Banasiak
3%
Legia Warszawa Aleksander Jagiełło
3%
Legia Warszawa Emanuel Bonfim
3%
Legia Warszawa Ismael Blanco
3%
Legia Warszawa Kasper Hamalaien
3%
Legia Warszawa Maciej Górski
3%
Legia Warszawa Marcin Bojarski
3%
Legia Warszawa Mariusz Zganiacz
3%
Legia Warszawa Martins Ekwueme
3%
Legia Warszawa Mateusz Cichocki
3%
Legia Warszawa Mosze Ochajon
3%
Legia Warszawa Moussa Yahaya
3%
Legia Warszawa Norbert Misiak
3%
Legia Warszawa Paweł Wojtala
3%
Legia Warszawa Siarhiej Omieljanczuk
3%
Legia Warszawa Tomasz Mazurkiewicz
3%
Legia Warszawa Tomasz Nawotka
3%
Legia Warszawa Adam Frączczak
2%
Legia Warszawa Adam Gmitrzuk
2%
Legia Warszawa Ahmed Ghanem
2%
Legia Warszawa Ajazdin Nuhi
2%
Legia Warszawa Anatolij Doros
2%
Legia Warszawa Andrzej Kryształowicz
2%
Legia Warszawa Damian Zbozień
2%
Legia Warszawa Daniel Lopez Cruz
2%
Legia Warszawa Dariusz Solnica
2%
Legia Warszawa Eddie Stanford
2%
Legia Warszawa Eduardo Alves
2%
Legia Warszawa Guiliano
2%
Legia Warszawa Jasurbek Yaxshiboyev
2%
Legia Warszawa Kamil Kurowski
2%
Legia Warszawa Leo Kurauzvione
2%
Legia Warszawa Łukasz Turzyniecki
2%
Legia Warszawa Maciej Górecki
2%
Legia Warszawa Maciej Wojtaś
2%
Legia Warszawa Mamadou Balde
2%
Legia Warszawa Marcin Chmiest
2%
Legia Warszawa Mateusz Grudziński
2%
Legia Warszawa Maurício dos Santos Nascimento
2%
Legia Warszawa Przemysław Wysocki
2%
Legia Warszawa Rowland Eresaba
2%
Legia Warszawa Rudi Gusnić
2%
Legia Warszawa Rui Barbosa
2%
Legia Warszawa Viktor Karolak
2%
Legia Warszawa Wojciech Wocial
2%
Legia Warszawa Zoran Mijanović
2%
Legia Warszawa Adam Cieśliński
0%
Legia Warszawa Alberto Ortiz Moreno
0%
Legia Warszawa Kostiantyn Machnowskyj
0%
Legia Warszawa Maciej Świdzikowski
0%
Legia Warszawa Marjan Gerasimovski
0%
Legia Warszawa Patryk Koziara
0%
Legia Warszawa Paweł Kozub
0%
Legia Warszawa Piotr Rafalski
0%
Legia Warszawa Przemysław Rawa
0%
Legia Warszawa Radosław Mikołajczak
0%
Nie znaleziono quizów pasujących do podanych kryteriów
Rozkład punktacji
Procent ludzi z każdym wynikiem
Percentyl według liczby udzielonych odpowiedzi
Twoja historia wyników
Nie rozwiązałeś tego quizu od ostatniego zresetowania